000
00238nam a2200097Ia 4500
008
240331s9999 xx 000 0 und d
082
_b
TUN
100
_a
Tung, M.T
245
0
_a
Hunan vivasayi lyakkap pariseelanai pattiya arikkai
942
_c
L
999
_c
2358
_d
2358